Berkenalan dengan DOS & CP/M

Bibliographic Details
Main Author: Chua, Chooi See
Format: Book
Language:Malay
Published: Petaling Jaya : Federal Publications , c1987
Subjects:

MARC

LEADER 00000cam a2200000 7i4500
001 0000000938
005 20230529.0
008 991125 my may
020 |a 9679141497 (pbk) 
040 |a INS 
090 0 0 |a QA76.76.O63   |b .C559 1987 
100 1 |a Chua, Chooi See 
245 1 0 |a Berkenalan dengan DOS & CP/M   |c Chua Chooi See 
260 |a Petaling Jaya :   |b Federal Publications ,   |c c1987 
300 |a iii, 97 p. :   |b ill. ;   |c 24 cm. 
650 0 |a CP/M   |x Computer operating system electronic data processing 
999 |a 0000003229   |b BOOK   |c Open Shelf   |e Default branch